Представление документа в формате RUSMARC

ПолеНазваниеЗначение
  Тип записи a
  Библиографический уровень a
001 Контрольный номер RU/CBS_UL/BASE/253bbb7779924459af508a9c2fdfc0cb
005 Дата корректировки 20260220102013.1
100 Данные общей обработки __
a Данные общей обработки 20260220 ||| 0rusy0189 ca
101 Язык документа 0_
a Язык текста rus
102 Страна публикации __
a Страна публикации RU
200 Заглавие и сведения об ответственности 1_
a Заглавие "Умру я стоя, не прося прощенья"
e Сведения, относящиеся к заглавию [120 лет со дня рождения героя и поэта Мусы Джалиля]
f Первые сведения об ответственности В. Никонов
461 Уровень набора _0
1 2000
a Честь Отечества
463 Уровень физической единицы _0
1 2000
a № 1-2
v С. 28-29 : фото
1 2101
d 2026
1 001RU/CBS_UL/BASE/84d1925e5ac146458e290c11b6276ba6
600 Персоналии _1
a Персоналии (Фамилия) Джалиль
b Персоналии (Имя, инициалы) М. М.
606 Тематические рубрики 0_
a Основная рубрика Джалиль, Муса Мустафович (1906-1944)
610 Ключевые слова 0_
a Ключевые слова поэты
610 Ключевые слова 0_
a Ключевые слова советские поэты
610 Ключевые слова 0_
a Ключевые слова поэты советские
610 Ключевые слова 0_
a Ключевые слова татарские поэты
610 Ключевые слова 0_
a Ключевые слова поэты татарские
610 Ключевые слова 0_
a Ключевые слова Герои Советского Союза
686 Индексы других классификаций __
2 Код системы rubbk
a Классификационный индекс 83.3(2Рос=Рус)6
700 Автор _1
a Фамилия Никонов
b Имя (инициалы) В.
801 Источник записи _0
a Страна RU
b Организация МБУК ЦБС г. Ульяновска
c Дата составления 20260220
g Правила каталогизации RCR
801 Источник записи _1
a Страна RU
b Организация МБУК ЦБС г. Ульяновска
c Дата составления 20260220
g Правила каталогизации RCR
901 Тип документа __
t Тип документа b
w Контрольный № источника RU/CBS_UL/BASE/84d1925e5ac146458e290c11b6276ba6
909 Создатель записи __
a Создатель записи lib2